000
00298nam a2200109 4500
999
_c
517819
_d
517819
082
_a
TNC T19x54 Ad47
100
_a
Adiseshiah, Malcolm S.
_9
26025
245
_a
Mind- years review of the economy 1990-91
260
_a
Delhi
_b
Konark
_c
1991
300
_a
190p
650
_a
Economic development
_9
26026